Catálogo público

El graduado / (Record no. 169774)

MARC details
000 -CABECERA
campo de control de longitud fija 00959nam a2200325Ia 4500
001 - NÚMERO DE CONTROL
campo de control Z_6507
003 - IDENTIFICADOR DEL NÚMERO DE CONTROL
campo de control CHAP
008 - DATOS DE LONGITUD FIJA--INFORMACIÓN GENERAL
campo de control de longitud fija 220113s9999 xx 000 0 und d
010 ## - NÚMERO DE CONTROL DE LA BIBLIOTECA DEL CONGRESO
Número de control de LC 169774
020 ## - NÚMERO INTERNACIONAL ESTÁNDAR DEL LIBRO
Número Internacional Estándar del Libro 968-22-0142 \ 968-22-0152-7 (obra completa)
040 ## - FUENTE DE LA CATALOGACIÓN
Centro/agencia transcriptor CHAP
082 ## - NÚMERO DE LA CLASIFICACIÓN DECIMAL DEWEY
Número de clasificación 813.4 W43 G73
100 ## - ENTRADA PRINCIPAL--NOMBRE DE PERSONA
Nombre de persona Webb, Clement Charles John, 1865-
9 (RLIN) 145002
240 ## - TÍTULO UNIFORME
Título uniforme The graduate
245 ## - MENCIÓN DE TÍTULO
Título El graduado /
Mención de responsabilidad, etc. Clement Charles John Webb ; traducción Julio F. Yañez
260 ## - PUBLICACIÓN, DISTRIBUCIÓN, ETC.
Lugar de publicación, distribución, etc. México :
Nombre del editor, distribuidor, etc. Artemisa,
Fecha de publicación, distribución, etc.
300 ## - DESCRIPCIÓN FÍSICA
Extensión 218 p.
440 ## - MENCIÓN DE SERIE/PUNTO DE ACCESO ADICIONAL--TÍTULO
Título (Best seller gran premier; 2)
9 (RLIN) 145003
500 ## - NOTA GENERAL
Nota general Traducción de la obraen inglés: The graduate
503 ## - NOTA DE HISTORIA BIBLIOGRÁFICA (BK CF MU) [OBSOLETO]
Nota de historia bibliográfica ej.1. donación 2013
650 #0 - PUNTO DE ACCESO ADICIONAL DE MATERIA--TÉRMINO DE MATERIA
Término de materia o nombre geográfico como elemento de entrada Literatura norteamericana
Subdivisión cronológica Siglo XX
9 (RLIN) 144999
650 ## - PUNTO DE ACCESO ADICIONAL DE MATERIA--TÉRMINO DE MATERIA
Término de materia o nombre geográfico como elemento de entrada Novela norteamericana
Subdivisión general
-- Siglo XX
9 (RLIN) 145000
700 ## - PUNTO DE ACCESO ADICIONAL--NOMBRE DE PERSONA
Nombre de persona Yañez, Julio F., tr.
901 ## - ELEMENTOS DE DATOS A LOCAL LDA (RLIN)
a 813.4 W43 G73
902 ## - ELEMENTOS DE DATOS B LOCAL, LDB (RLIN)
a M
910 ## - DATOS DE OPCIÓN DEL USUARIO (OCLC)
Datos de opción del usuario
942 ## - ELEMENTOS DE PUNTO DE ACCESO ADICIONAL (KOHA)
Tipo de ítem Koha Libro_
942 ## - ELEMENTOS DE PUNTO DE ACCESO ADICIONAL (KOHA)
Tipo de ítem Koha
Holdings
Estado de retiro Estado de pérdida Fuente del sistema de clasificación o colocación Estado dañado No para préstamo Código de colección Localización permanente Ubicación/localización actual Ubicación en estantería Fecha de adquisición Código de barras Fecha visto por última vez Número de copia Precio válido a partir de Tipo de ítem Koha
    Dewey Decimal Classification     General Zootecnia Zootecnia   12/11/2014 z_6388 18/01/2022 1 18/01/2022 Libro